| 000 | 00398cam a22001097a 4500 | ||
|---|---|---|---|
| 008 | 180718b1962 xxu||||| |||| 00| 0 eng d | ||
| 082 | _aI21x54 In2a | ||
| 245 |
_aThe Presidential and Vice-Presidential elections act, 1952 with rules: as modified upto the Ist April, 1962 _cby Ministry of Law |
||
| 260 |
_aNew Delhi _bManager of Publications _c1962 |
||
| 300 | _a22+p | ||
| 700 | _aIndia. Ministry of Law | ||
| 999 |
_c491165 _d491165 |
||